banner-ar

رحلة الى صلاح الدين الايوبى / (Record no. 61192)

MARC details
000 -الفاتح
حقل البيانات ثابتة الطول 00897nam a22002537a 4500
005 - وقت وتاريخ اخر تعامل مع التسجيلة
رقم الضبط 20240530110448.0
008 - عناصر البيانات ثابتة الطول - معلومات عامة
حقل البيانات ثابتة الطول 150502s2010 ua f b 000 0 ara d
017 ## - رقم الايداع القانونى
رقم الايداع القانونى 2010/21950
المصدر ( الهيئة المختصة) مصر . دار الكتب المصرية
020 ## - الرقم الدولى المعيارى للكتب
الرقم الدولى المعيارى للكتاب 9789774950629
040 ## - مصدر الفهرسة
وكالة الفهرسة الأصلية EG-CaGPL
082 04 - رقم تصنيف ديوى العشرى
رقم الطبعة 21
رقم التصنيف 923.2
رقم المادة ق/م ر
100 0# - المدخل الرئيسى - إسم شخصى
الإسم الشخصى محمد مؤنس عوض
245 10 - بيان العنوان
العنوان رحلة الى صلاح الدين الايوبى /
بيان المسئوليه,etc محمد مؤنس عوض
250 ## - بيان الطبعة
بيان الطبعة ط1
260 ## - PUBLICATION, DISTRIBUTION, ETC. (IMPRINT)
تاريخ النشر أو التوزيع 2011 .
300 ## - الوصف المادى
التعداد 136 ص ؛
أبعاد الوعاء 20 سم
490 0# - بيان السلسلة
عنوان السلسلة سلسلة اعرف كل شئ
504 ## - تبصرة ببليوجرافية
تبصرة ببليوجرافية,الخ ببليوجرافية : ص 124 - 136
600 04 - المدخل الاضافى بالموضوع-اسم شخصى
الإسم الشخصى صلاح الدين الايوبى
التقسيم الفرعي الشكلي تراجم
650 04 - المدخل الاضافى بالموضوع-مصطلح موضوعى
مصطلح موضوعي الرجال
التقسيم الفرعي الشكلي تراجم
650 04 - المدخل الاضافى بالموضوع-مصطلح موضوعى
مصطلح موضوعي السياسيون
التقسيم الفرعي الشكلي تراجم
942 ## - عناصر المدخل الإضافي( كوها)
مصدر التصنيف او مخطط الترفيف Dewey Decimal Classification
Koha [default] item type كتاب
260 ## - PUBLICATION, DISTRIBUTION, ETC. (IMPRINT)
-- القاهرة :
-- دار العالم العربى ،
Holdings
حالة التراجع حالة الفقد حالة تلف ليس للاعارة المكان المؤقت الموقع الحالى تاريخ الاكتساب اجمالي اﻻعارات رقم الطلب الباركود تاريخ اخر مشاهدة تاريخ تفعيل السعر نوع وعاء كوها
        مكتبة القاهرة الكبرى مكتبة القاهرة الكبرى 05/02/2015   923.2 ق/م ر 160424 05/02/2015 05/02/2015 كتاب

Powered By

EGPV